书目信息 |
| 题名: |
刑事理化检验、法医学和生物物证学实训教程
|
|
| 作者: | 徐晓玲 主编 | |
| 分册: | ||
| 出版信息: | 北京 中国人民公安大学出版社 2016.05 |
|
| 页数: | 192页 | |
| 开本: | 24cm | |
| 丛书名: | ||
| 单 册: | ||
| 中图分类: | D918.9 , D919 | |
| 科图分类: | ||
| 主题词: | 司法鉴定--高等学校--教材 , 法医学--高等学校--教材 , 生物--物证--司法鉴定--高等学校--教材 | |
| 电子资源: | ||
| ISBN: | 978-7-5653-2612-7 | |
| 000 | 00976nam0 2200277 450 | |
| 001 | 320 | |
| 005 | 20180921172435.87 | |
| 010 | @a978-7-5653-2612-7@dCNY45.00 | |
| 100 | @a20161019d2016 em y0chiy50 ea | |
| 101 | 0 | @achi |
| 102 | @aCN@b110000 | |
| 105 | @aa z 000yy | |
| 200 | 1 | @a刑事理化检验、法医学和生物物证学实训教程@9xing shi li hua jian yan、fa yi xue he sheng wu wu zheng xue shi xun jiao cheng@f徐晓玲主编 |
| 210 | @a北京@c中国人民公安大学出版社@d2016.05 | |
| 215 | @a192页@c图@d24cm | |
| 300 | @a北京警察学院规划教材 | |
| 306 | @a公安机关内部发行 | |
| 330 | @a本书分为理化检验、法医学、生物物证三部分,具体包括微量物证检验、毒物毒品分析、法医学、生物物证技术四个单元。 | |
| 606 | 0 | @a司法鉴定@x高等学校@j教材 |
| 606 | 0 | @a法医学@x高等学校@j教材 |
| 606 | 0 | @a生物@x物证@x司法鉴定@x高等学校@j教材 |
| 690 | @aD918.9@v5 | |
| 690 | @aD919@v5 | |
| 701 | 0 | @a徐晓玲@9xu xiao ling@4主编 |
| 801 | 0 | @aCN@b91MARC@c20161019 |
| 905 | @aMuseLib@dD918.9@e846 | |
| 刑事理化检验、法医学和生物物证学实训教程/徐晓玲主编.-北京:中国人民公安大学出版社,2016.05 |
| 192页:图;24cm |
| 北京警察学院规划教材 |
| ISBN 978-7-5653-2612-7:CNY45.00 |
| 本书分为理化检验、法医学、生物物证三部分,具体包括微量物证检验、毒物毒品分析、法医学、生物物证技术四个单元。 |
| ● |
| 相关链接 |
|
|
|
|
正题名:刑事理化检验、法医学和生物物证学实训教程
索取号:D918.9/846
 
预约/预借
| 序号 | 登录号 | 条形码 | 馆藏地/架位号 | 状态 | 备注 |
| 1 | 1119324 | 211193242 | 第一样本阅览室/ [索取号:D918.9/846] | 在馆 | |
| 2 | 1119325 | 211193251 | 第一借阅区/ [索取号:D918.9/846] | 在馆 | |
| 3 | 1119326 | 211193260 | 第一借阅区/ [索取号:D918.9/846] | 在馆 | |
| 4 | 1119327 | 211193279 | 第一借阅区/ [索取号:D918.9/846] | 在馆 | |
| 5 | 1119328 | 211193288 | 第一借阅区/ [索取号:D918.9/846] | 在馆 |